ANTM Cycle 12 Quiz Stats

Quiz not verified by Sporcle

Challenge
Share
Tweet
Embed
Score 0/13 Timer 06:00
0 Plays Today
Model's First Name % Correct
Runner upAllison
96.7%
WinnerTeyona
95.6%
5th placeFo
89.5%
4th placeCelia
88.4%
3rd placeAminat
86.7%
6th placeNatalie
82.9%
7th placeLondon
82.3%
8th placeTahlia
76.8%
9th placeSandra
75.7%
12th placeJessica
73.5%
13th placeIsabella
68%
10th placeKortnie
65.7%
11th placeNijah
64.6%

You're not logged in!

Compare scores with friends on all Sporcle quizzes.
Sign Up with Email
OR
Log In

You Might Also Like...

Show Comments

Extras

Top Quizzes Today


Score Distribution

Your Account Isn't Verified!

In order to create a playlist on Sporcle, you need to verify the email address you used during registration. Go to your Sporcle Settings to finish the process.

Report this User

Report this user for behavior that violates our Community Guidelines.

Details: